000 00599nam a22002297a 4500
003 UA-OsUOA
001 97829
007 ta
008 20130405b un ||||| |||| 00| 0 ukr d
100 _aПо Эдгар
090 _a821.161.8
_bП41
942 _cBK
040 _aUA-OsUOA
_brus
_cUA-OsUOA
_dUA-OsUOA
245 _aРассказы
300 _a430 с.
955 _a2
041 _arus
080 _a821.161.8
260 _aМ.
_bХудожественая литература
_c1980
650 7 _a82 Література. Літературознавство
_2UDC
999 _c384078
_d384078